El misterio pascual y su liturgia: itinerario litúrgico para la Semana Santa y la Semana de Pascua
Guardat en:
| Autor principal: | |
|---|---|
| Format: | Llibre |
| Idioma: | espanyol |
| Publicat: |
Barcelona
Litúrgica Española
1959
|
| Matèries: | |
| Etiquetes: |
Afegir etiqueta
Sense etiquetes, Sigues el primer a etiquetar aquest registre!
|
MARC
| LEADER | 00000nam a2200000 a 4500 | ||
|---|---|---|---|
| 001 | UCR3088 | ||
| 003 | CL-VaPUC | ||
| 008 | 980123e19590000SP |||||||||||||||||spa|d | ||
| 082 | 0 | 4 | |a 264.02 |b GAI |2 21 |
| 100 | |a Gaillard, Dom Jean |e author |9 401885 | ||
| 245 | 1 | 3 | |a El misterio pascual y su liturgia: itinerario litúrgico para la Semana Santa y la Semana de Pascua |
| 300 | |a 233 p | ||
| 942 | |c BK | ||
| 945 | |d 19980123 00:00:00 |a rleighto | ||
| 260 | |a Barcelona |b Litúrgica Española |c 1959 | ||
| 650 | 7 | |a MISTERIOS RELIGIOSOS |2 CL-VaPUC |9 321684 | |
| 650 | 0 | |a Teología |9 258766 | |
| 650 | 7 | |a LITURGIA |2 CL-VaPUC |9 401886 | |
| 650 | 0 | |a Fiestas religiosas |9 349319 | |
| 650 | 0 | |a Semana Santa |9 399216 | |
| 650 | 7 | |a TRIDUO PASCUAL |2 CL-VaPUC |9 397997 | |
| 583 | |a last modification |c 19980123 00:00:00 |k Rodrigo Vera | ||
| 999 | |c 266194 |d 266192 | ||
| 952 | |0 0 |1 0 |4 0 |6 264_020000000000000_GAI_1959 |7 0 |8 A |9 297591 |a BIBTEO |b BIBTEO |d 2019-11-20 |i 3372553 |o 264.02 GAI 1959 |p 3372553 |r 2025-01-17 |w 2019-11-20 |y BK |k ICR | ||